Plural (Record no. 189943)

MARC details
000 -LEADER
campo de control de longitud fija 01025nam a2200253 i 4500
001 - NÚMERO DE CONTROL
campo de control 189943
003 - IDENTIFICADOR DE NÚMERO DE CONTROL
campo de control ES-MaACL
005 - FECHA Y HORA DE LA ÚLTIMA TRANSACCIÓN
campo de control 20240131174414.0
008 - DATOS DE LONGITUD FIJA--INFORMACIÓN GENERAL
campo de control de longitud fija 200203s1999 sp a |||| | spa d
245 00 - MENCIÓN DEL TÍTULO
Título Plural
Resto del título : Amalia Avia, Barjola, Bores, Beulas, Chillida ... [et al.] : [exposición] del 9 de diciembre de 1999 al 8 de enero de 2000.
260 ## - PUBLICACIÓN, DISTRIBUCIÓN, ETC.
Lugar de publicación, distribución, etc. Madrid :
Nombre del editor, distribuidor, etc. Juan Gris, Galería de Arte,
Fecha de publicación, distribución, etc. [1999]
300 ## - DESCRIPCIÓN FÍSICA
Extensión [24] p. :
Otras características físicas prinicpalmente il. col. ;
Dimensiones 20 x 20 cm.
600 14 - PUNTO DE ACCESO ADICIONAL DE MATERIA--NOMBRE DE PERSONA
Nombre de persona Avia, Amalia-
Subdivisión de forma Exposiciones.
9 (RLIN) 169491
600 14 - PUNTO DE ACCESO ADICIONAL DE MATERIA--NOMBRE DE PERSONA
Nombre de persona Barjola, Juan-
Subdivisión de forma Exposiciones.
9 (RLIN) 25669
600 14 - PUNTO DE ACCESO ADICIONAL DE MATERIA--NOMBRE DE PERSONA
Nombre de persona Bores, Francisco (
Fechas asociadas al nombre 1898-1972)-
Subdivisión de forma Exposiciones.
9 (RLIN) 30441
600 14 - PUNTO DE ACCESO ADICIONAL DE MATERIA--NOMBRE DE PERSONA
Nombre de persona Beulas, José (
Fechas asociadas al nombre 1921)-
Subdivisión de forma Exposiciones.
9 (RLIN) 169492
600 14 - PUNTO DE ACCESO ADICIONAL DE MATERIA--NOMBRE DE PERSONA
Nombre de persona Chillida, Eduardo,
Fechas asociadas al nombre 1924-2002-
Subdivisión de forma Exposiciones
9 (RLIN) 38519
650 #4 - PUNTO DE ACCESO ADICIONAL DE MATERIA--TÉRMINO DE MATERIA
Término de materia o nombre geográfico como elemento de entrada Pintura española-
Subdivisión cronológica S.XX-
Subdivisión de forma Exposiciones.
9 (RLIN) 16043
655 #7 - TERMINO DE INDIZACIÓN--GENERO/FORMA
Fuente del término tgfbne
9 (RLIN) 193628
Datos o término principal de género/forma Catálogos de exposiciones
710 2# - ENTRADA AGREGADA--NOMBRE DE ENTIDAD CORPORATIVA
Nombre de entidad corporativa o nombre de jurisdicción como elemento de entrada Galería Juan Gris.
9 (RLIN) 171351
852 ## - LOCALIZACIÓN
Ubicación ES-MaACL
Número de control de estantería 2129-F-41
942 ## - ELEMENTOS DE ENTRADA SECUNDARIOS (KOHA)
Fuente del sistema de clasificación o colocación Clasificación decimal universal
Holdings
Estatus retirado Estado de pérdida Estado de daño No para préstamo Colección Biblioteca de origen Biblioteca actual Ubicación en estantería Fecha de adquisición Fuente de adquisición Total de préstamos Signatura topográfica completa Código de barras Visto por última vez Precio de reemplazo Tipo de ítem Koha
        Colección de folletos Biblioteca del Ateneo de Madrid Biblioteca del Ateneo de Madrid Depósito folletos 23/04/2005     2129-F-41 1201515 23/02/2023 23/02/2023 Folleto